00341pab a2200133 454500008004000000100001800040245005900058260000900117300001500126362000800141650001800149700002000167773002000187180718b2012 xxu||||| |||| 00| 0 eng d aYork, Richard aChoking on modernity: A human ecology of air pollution c2012 ap.282-300. aMay aAir pollution aRosa, Eugene A. aSocial Problems